000 00549nam a2200229Ia 4500
003 OSt
005 20220928144149.0
006 a|||||r|||| 00| 0
007 ta
008 220927b |||||||| |||| 00| 0 eng d
024 _a60719
037 _cTextual
040 _aSDCL
_cSDCL
_beng
041 _2eng
_aeng
082 _a2:(X:8N), M2
100 _aHarrison
_9507238
245 0 _aPublic relations for librarians.
250 _a2nd
260 _c1982
942 _h2:(X:8N), M2
_cTEXL
_2CC
999 _c826577
_d826577